Orientaciones actuales de la física /
Guardado en:
| Autor Principal: | |
|---|---|
| Formato: | Libro |
| Publicado: |
Buenos Aires :
Troquel,
1961
|
| Materias: | |
| Etiquetas: |
Agregar Etiqueta
Sin Etiquetas, Sea el primero en etiquetar este registro!
|
| LEADER | 00749nam a22002175a 4500 | ||
|---|---|---|---|
| 001 | CEM.cems005941 | ||
| 005 | 20060214000000.0 | ||
| 008 | 130507s1961##################000#0#####d | ||
| 003 | CEMS | ||
| 082 | 0 | 4 | |a 530.01 |
| 100 | 1 | |a Selvaggi, Filippo | |
| 245 | 1 | 0 | |a Orientaciones actuales de la física / |
| 260 | |a Buenos Aires : |b Troquel, |c 1961 | ||
| 300 | |a 273 p. | ||
| 505 | 0 | |a Transformaciónes cinematicas. Dinamica relativista. Densidad de la energia radiante. Masa de la energia. Energia de la masa. Desviación de los rayos luminosos | |
| 653 | |a Filosofia y física | ||
| 653 | |a Física | ||
| 653 | |a Física cuantica | ||
| 653 | |a Física y filosofia | ||
| 653 | |a Mecanica cuantica | ||
| 859 | |a CEMS |b BIB. CEMS - 11 de abril |h 530.01 |i Se49 |p 3786.75 |t Ej.1 | ||
